Beyblade Metal-A quelle constellation cette toupie se rapporte-telle? - Statistiques

Statistiques générales
  • Ce quiz a été pris 113 fois
  • Le résultat moyen est 12 sur 17
Statistiques - réponses
Toupie Constellation % Correct
Ligthning/Météo L-Drago/L-Drago Destruction Dragon
99%
Rock/Fang Leone Lion
99%
Heart Eagle Aigle
98%
Storm/Galaxy/Cosmic Pegasus Pégase
96%
Dark Bull Taureau
94%
Ray/Blitz Striker Licorne
85%
Rock Aries Bélier
80%
White et Blue Grand Cetus Baleine
75%
Evil Befall Paon
71%
Burn Fireblaze Phénix
68%
Flame Libra Balance
65%
Phantom Orion Orion
56%
Dark Gasher Cancer
54%
Storm Aquarius Verseau
52%
Twisted Tempo Horloge
31%
Flame Byxis Boussole
26%
Ray Gill Carène
11%
Aucun quiz correspondant
Distribution des résultats
% des personnes avec chaque résultat
Percentile par nombre de réponses
Votre historique - résultats
Vous n’avez pas pris ce quiz